| 000 | 00700nam a2200217 i 4500 | ||
|---|---|---|---|
| 001 | 183113 | ||
| 003 | ES-MaACL | ||
| 005 | 20230906221812.0 | ||
| 008 | 140117s1980 es |||| | spa d | ||
| 020 | _a84-7166-646-4 | ||
| 080 | _a929 Rousseau, Jean-Jacques | ||
| 100 | 1 |
_aRousseau, Jean-Jacques. _9100055 |
|
| 245 | 1 | 4 |
_aLas confesiones / _c[por] J.J. Rousseau ; [traducción del francés de Aníbal Froufe]. |
| 260 |
_aMadrid : _bEdaf, _cD.L. 1980. |
||
| 300 |
_a563 p. ; _c18 cm. |
||
| 490 | 1 |
_aBiblioteca Edaf ; _v43 |
|
| 700 | 1 |
_aFroufe, Aníbal. _952758 |
|
| 830 | 0 |
_aBiblioteca Edaf ; _v43 _9179778 |
|
| 852 |
_aES-MaACL _jL-29938 _z.- Donat. Miguel A. Velasco |
||
| 999 |
_c183113 _d183113 |
||